|
|
|
|
| LEADER |
00000nab a2200000 a 4500 |
| 001 |
vtls000262155 |
| 003 |
SK-MaSNL |
| 005 |
20260303121719.0 |
| 008 |
111130c1986 xo 0 slo |
| 015 |
|
|
|a SNBRB19rr/mm-uuuuu
|
| 035 |
|
|
|a CL0272269
|
| 040 |
|
|
|a SNKBUCL
|b slo
|c SNKBUCL
|e AACR2
|
| 041 |
0 |
|
|a slo
|
| 044 |
|
|
|a xo
|c SK
|
| 080 |
|
|
|a 82:929:882
|2 1981
|
| 080 |
|
|
|a 929
|2 1981
|
| 080 |
|
|
|a 882
|2 1981
|
| 080 |
|
|
|a 82
|2 1981
|
| 080 |
|
|
|a 301
|2 1981
|
| 100 |
1 |
|
|a Dvořáková-Žiaranová, Ružena,
|d 1930-2017
|4 aut
|9 223959
|
| 245 |
1 |
0 |
|a Ako spisovateľ zastavil tok riek
|c Ružena Dvořáková-Žiaranová, Valentin Rasputin
|
| 300 |
|
|
|b Fot. 1.
|
| 600 |
1 |
7 |
|a Rasputin, Valentin Grigor'jevič,
|d 1937-2015
|2 snkbucl
|9 165966
|
| 655 |
|
7 |
|a články z novín a časopisov
|2 snkbucl
|9 267496
|
| 655 |
|
7 |
|a články z odboru literárna veda a krásna literatúra
|2 snkbucl
|9 770045
|
| 700 |
1 |
|
|a Rasputin, Valentin Grigor'jevič,
|d 1937-2015
|4 aut
|9 165966
|
| 773 |
0 |
|
|t Pravda
|g Roč. 67, č. 282 (29. 11. 1986), s. 3
|
| 850 |
|
|
|a Slovenská národná knižnica v Martine
|a MTA001
|
| 852 |
|
|
|a SNK
|b KIS3GCP
|
| 958 |
|
|
|a RK
|
| 958 |
|
|
|a LX
|
| 958 |
|
|
|a SU
|
| 992 |
|
|
|a RBX
|
| 999 |
|
|
|c 1917321
|d 1919251
|